Comparative politics today: a world view. / (Record no. 8656)

MARC details
000 -LEADER
fixed length control field 01682pam a2200277 a 4500
001 - CONTROL NUMBER
control field 2562459
003 - CONTROL NUMBER IDENTIFIER
control field OSt
005 - DATE AND TIME OF LATEST TRANSACTION
control field 20220210154218.0
008 - FIXED-LENGTH DATA ELEMENTS--GENERAL INFORMATION
fixed length control field 951003s1996 nyua b 001 0 eng
010 ## - LIBRARY OF CONGRESS CONTROL NUMBER
LC control number 95045451
020 ## - INTERNATIONAL STANDARD BOOK NUMBER
International Standard Book Number 0321350995
040 ## - CATALOGING SOURCE
Original cataloging agency DLC
Transcribing agency DLC
Modifying agency DLC
050 00 - LIBRARY OF CONGRESS CALL NUMBER
Classification number JF51.A57
082 00 - DEWEY DECIMAL CLASSIFICATION NUMBER
Classification number 320.3
Edition number 20
245 10 - TITLE STATEMENT
Title Comparative politics today: a world view. /
Statement of responsibility, etc. Gabriel A. Almond ...[et al.]
250 ## - EDITION STATEMENT
Edition statement 8th ed.
260 ## - PUBLICATION, DISTRIBUTION, ETC.
Place of publication, distribution, etc. New York :
Name of publisher, distributor, etc. Pearson/Longman,
Date of publication, distribution, etc. 2006.
300 ## - PHYSICAL DESCRIPTION
Extent xxi, 804 p. :
Other physical details ill. ;
504 ## - BIBLIOGRAPHY, ETC. NOTE
Bibliography, etc. note Includes index.
505 ## - FORMATTED CONTENTS NOTE
Formatted contents note Contents: Introduction: Issues in comparative politics -- Comparing political systems -- System, process and policy: Political culture and political socialization -- Interest articulation -- Interest aggregation and political parties -- Government and policymaking -- Public policy -- Country studies: Politics in England, Richard Rose -- Politics in France, Martin A. Schain -- Politics in Germany, Russell J. Dalton -- Politics in Japan, Frances Rosenbluth and Michael F. Thies -- Politics in Russia, Thomas F. Remington -- Politics in China, Melanie Manion -- Politics in Mexico, Wayne A. Cornelius and Jeffrey A. Weldon -- Politics in Brazil, Frances Hagopian -- Politics in Egypt, Ann Mosely Lesch -- Politics in India, Subrata K. Mitra -- Politics in Nigeria, Robert J. Mundt and Oladimeji Aborisade -- Politics in the United States, Austin Ranney --
650 #0 - SUBJECT ADDED ENTRY--TOPICAL TERM
Topical term or geographic name entry element Comparative government.
700 ## - ADDED ENTRY--PERSONAL NAME
Fuller form of name Almond, Gabriel A.
906 ## - LOCAL DATA ELEMENT F, LDF (RLIN)
a 7
b cbc
c orignew
d 1
e ocip
f 19
g y-gencatlg
942 ## - ADDED ENTRY ELEMENTS (KOHA)
Source of classification or shelving scheme Library of Congress Classification
Koha item type Books
Holdings
Withdrawn status Lost status Source of classification or shelving scheme Damaged status Not for loan Home library Current library Shelving location Date acquired Total Checkouts Full call number Barcode Date last seen Price effective from Koha item type
    Library of Congress Classification     WISCONSIN INTERNATIONAL UNIVERSITY COLLEGE, GHANA KUMASI LIBRARY WISCONSIN INTERNATIONAL UNIVERSITY COLLEGE, GHANA KUMASI LIBRARY General Stacks 22/10/2019   JF51.A57(8e) K/218/218/19 10/02/2022 10/02/2022 Books

If you have any concerns or questions; kindly contact the library


© Powered by WIUC ICT DIRECTORATE